| 000 | 00777namaa22001811 4500 | ||
|---|---|---|---|
| 001 | 174007 | ||
| 003 | ES-MaACL | ||
| 005 | 20230906215419.0 | ||
| 008 | 100205s1905 sp r |||| | spa d | ||
| 100 | 1 |
_aÁlvarez Quintero, Serafín, _d1871-1938 _9226443 |
|
| 245 | 1 | 3 |
_aLa pitanza / _centremés de Serafín y Joaquín Álvarez Quintero. |
| 260 |
_aMadrid : _bSociedad de Autores Españoles, _c1905 ( _fR. Velasco) |
||
| 300 |
_a15 p., 1h. ; _c20 cm. |
||
| 500 | _aEn port.: Estrenado en el teatro de la Zarzuela el 15 de setiembre de 1905. | ||
| 700 | 1 |
_aÁlvarez Quintero, Joaquín, _d1873-1944 _920922 |
|
| 852 |
_aES-MaACL _jF-8644(2) _z.- Enc. hol. _z.- Enc. en un vol. facticio formando parte de la col. facticia "Teatro español moderno" v. 101 |
||
| 999 |
_c174007 _d174007 |
||